Sources of resistance to leafminer in melon germplasm (Registro n. 338321)
[ somente texto ]
| 000 -LÍDER | |
|---|---|
| fixed length control field | 02919nab a2200361 4500 |
| 003 - CÓDIGO MARC DA AGÊNCIA CATALOGADORA | |
| Campo de controle | BR-BrBNA |
| 005 - DATA E HORA DA ÚLTIMA ATUALIZAÇÃO | |
| Campo de controle | 20250923105316.0 |
| 008 - CAMPO DE TAMANHO FIXO | |
| fixed length control field | 250923b2025 bl.ar|pooa||| 00| 0 eng | |
| 040 ## - FONTE DA CATALOGAÇÃO | |
| Agência catalogadora | BR-BrBNA |
| Idioma da catalogação | por |
| 072 ## - CATEGORIA AGRIS | |
| Código AGRIS | F30 ; H10 ; H01 |
| Código do objeto | 0810 ; 4020 |
| 100 ## - ENTRADA PRINCIPAL - NOME PESSOAL | |
| Nome pessoal | Oliveira, Sabrina Cesarin de |
| 100 ## - ENTRADA PRINCIPAL - NOME PESSOAL | |
| Nome pessoal | Celin, Elaine Facco |
| 100 ## - ENTRADA PRINCIPAL - NOME PESSOAL | |
| Nome pessoal | Araújo, Ariana Veras de |
| 100 ## - ENTRADA PRINCIPAL - NOME PESSOAL | |
| Nome pessoal | Teixeira, Lucas Mikael Matias |
| 100 ## - ENTRADA PRINCIPAL - NOME PESSOAL | |
| Nome pessoal | Aragão, Fernando Antonio Souza de |
| 100 ## - ENTRADA PRINCIPAL - NOME PESSOAL | |
| Nome pessoal | Pastor, Patrik Luiz |
| 245 ## - TÍTULO PRINCIPAL | |
| Título principal | Sources of resistance to leafminer in melon germplasm |
| 500 ## - NOTA GERAL | |
| Nota geral | Summaries (En, Pt); 29 ref.; 2 illus.; 2 tables |
| 942 ## - ADDED ENTRY ELEMENTS (KOHA) | |
| Koha item type | Analítica |
| 520 ## - NOTA DE RESUMO | |
| Nota de conteúdo | Abstract – The objective of this work was to assess sources of resistance to leafminer in melon plant germplasm and identify the most recommended variables associated with antixenosis resistance. A total of 32 genotypes were evaluated for resistance by antibiosis: larval and pupal viability, and antixenosis: mines per leaf, per plant, and per area, in choice and no-choice tests in the laboratory and through morphological characteristics. 'Festival' hybrid is the most promising source of resistance to the leafminer due to antibiosis; however, none of the evaluated genotypes show antixenosis. Mines per area is the most reliable variable to evaluate resistance to leafminers by antixenosis in melon germplasm.<br/>Index terms: Cucumis melo, Liriomyza sativae, plant breeding, resistance. |
| 520 ## - NOTA DE RESUMO | |
| Nota de conteúdo | Resumo – O objetivo deste trabalho foi avaliar fontes de resistência à moscaminadora em germoplasma de meloeiro e identificar as variáveis associadas à resistência por antixenose mais recomendadas. Um total de 32 genótipos foram avaliados quanto à resistência por antibiose: viabilidade larval e pupal, e antixenose: minas por folha, por planta e por área, em testes com e sem chance de escolha no laboratório e por meio de características morfológicas. O híbrido 'Festival' é a fonte de resistência à mosca-minadora mais promissora em razão da antibiose; no entanto, nenhum dos genótipos avaliados mostram antixenose. Minas por área é a fonte mais confiável para avaliar a resistência à mosca-minadora por antixenose em germoplasma de melão. Termos para indexação: Cucumis melo, Liriomyza sativae, melhoramento vegetal, resistência. |
| 650 ## - ASSUNTO - THESAGRO | |
| Cabeçalho tópico ou nome geográfico | MELÃO |
| 650 ## - ASSUNTO - THESAGRO | |
| Cabeçalho tópico ou nome geográfico | CUCUMIS MELO |
| 650 ## - ASSUNTO - THESAGRO | |
| Cabeçalho tópico ou nome geográfico | GERMOPLASMA |
| 650 ## - ASSUNTO - THESAGRO | |
| Cabeçalho tópico ou nome geográfico | MOSCA MINADORA |
| 650 ## - ASSUNTO - THESAGRO | |
| Cabeçalho tópico ou nome geográfico | LIRIOMYZA SATIVAE |
| 650 ## - ASSUNTO - THESAGRO | |
| Cabeçalho tópico ou nome geográfico | PRAGA DE PLANTA |
| 650 ## - ASSUNTO - THESAGRO | |
| Cabeçalho tópico ou nome geográfico | MELHORAMENTO GENÉTICO VEGETAL |
| 650 ## - ASSUNTO - THESAGRO | |
| Cabeçalho tópico ou nome geográfico | RESISTÊNCIA |
| 773 0# - ENTRADA ANALÍTICA | |
| Host Biblionumber | 920 |
| Registro do item | 357579 |
| Imprenta | Brasília-DF Empresa Brasileira de Pesquisa Agropecuária - EMBRAPA 1966- |
| Outro identificador | 2025-5544 |
| Título | Pesquisa Agropecuária Brasileira (Brazil) |
| ISSN | 0100-204X |
| Colação | v. 60 p. 1-9; (2025) |
| Número de controle de registro | BR2025002499 |
| 856 ## - ACESSO E ENDEREÇO ELETRÔNICO | |
| Identificador uniforme de recurso - URI | https://www.scielo.br/j/pab/a/L6JZpCP4jkFr6DvPc7VSVgH/?format=pdf&lang=en |
Nenhum exemplar disponível.

BINAGRI